TOP 10 des langues les plus dures à apprendre pour un francophone - Statistiques

Statistiques générales
  • Ce quiz a été pris 114 fois
  • Le résultat moyen est 5 sur 10
Statistiques - réponses
Raisons de la difficulté principale Langue % Correct
Alphabet, écriture cursive, voyelles courtes absentes, dialectes nombreux Arabe
85%
Trois systèmes d'écriture (kanji, hiragana, katakana), grammaire très différente Japonais
81%
Alphabet cyrillique, déclinaisons, conjugaisons irrégulières Russe
80%
Tonalité, écriture idéographique (caractères), prononciation, grammaire implicite Chinois mandarin
78%
Alphabet (Hangul facile, mais grammaire complexe), structure de phrase inversée Coréen
53%
15 cas grammaticaux, vocabulaire très éloigné des langues indo-européennes Finnois
26%
Consonnes difficiles à prononcer, déclinaisons nombreuses Polonais
26%
Plus de 18 cas, grammaire complexe, vocabulaire très original Hongrois
25%
Langue tonale, grammaire condensée, alphabet latin mais prononciation très difficile Vietnamien
23%
Ancienne grammaire germanique préservée, vocabulaire très spécifique, déclinaisons Islandais
19%
Aucun quiz correspondant
Distribution des résultats
% des personnes avec chaque résultat
Percentile par nombre de réponses
Votre historique - résultats
Vous n’avez pas pris ce quiz